| 000 | 00713nam a22001937a 4500 | ||
|---|---|---|---|
| 999 |
_c7029 _d7029 |
||
| 003 | AR-CdUCM | ||
| 008 | 190319b ||||| |||| 00| 0 spa d | ||
| 040 |
_aMUNICIPALIDAD PROVINCIAL DEL CUSCO _cBIBLIOTECA MUNICIPAL DEL CUSCO |
||
| 082 |
_a985.21 / _bST84 |
||
| 100 |
_aStubbs, Ricardo Walter _914088 |
||
| 245 | _aRonda de los recuerdos / | ||
| 260 |
_aLima : _bEl Universal, _c1942. |
||
| 300 |
_a144 páginas ; _c19.5 cm. |
||
| 505 | _aContenido: La merced, relicario de historia -- Un retablo, una tizona, un corazon -- El alma de los barrios -- ¡Guadalupe! -- Visita de hospitales ... | ||
| 650 |
_aHistoria Perú _94248 |
||
| 650 |
_aViajes y descripciones _919809 |
||
| 942 |
_2ddc _cLIBROS |
||
| 945 | _aafb | ||